[Event "Szuperliga - GM Szabo Laszlo"]
[Site "Budapest"]
[Date "2023.10.28"]
[Round "1.1"]
[White "Sjugirov, Sanan"]
[Black "Nagy, Gabor"]
[Result "1-0"]
[WhiteElo "2705"]
[BlackElo "2439"]
[PlyCount "99"]
[EventDate "2023.10.28"]
[EventType "team-tourn"]
[EventRounds "9"]
[EventCountry "HUN"]
[Source "chess.hu"]
[WhiteTeam "Sentimento Ajka BSK"]
[BlackTeam "Aquarena Kobanya SC"]
[WhiteTeamCountry "HUN"]
[BlackTeamCountry "HUN"]

1. d4 d5 2. c4 e6 3. Nc3 h6 4. Bf4 Nf6 5. e3 Bd6 6. Bxd6 Qxd6 7. cxd5 exd5 8.
Bd3 O-O 9. h3 Nc6 10. Nf3 Ne7 11. Qc2 c6 12. O-O g6 13. Qb3 Rb8 14. Rfc1 Bf5
15. Be2 Rfc8 16. Qa4 Nd7 17. a3 Re8 18. Qd1 Nc8 19. Na4 Qe7 20. Nc5 Nd6 21.
Nxd7 Qxd7 22. Ne5 Qe7 23. b4 Kg7 24. Qb3 Be4 25. a4 Qg5 26. Nf3 Bxf3 27. Bxf3
Nf5 28. Bg4 Nd6 29. b5 h5 30. Be2 Ne4 31. Bf3 Nd2 32. Qd1 Nxf3+ 33. Qxf3 Re6
34. Rc5 Rbe8 35. Rac1 Rf6 36. Qe2 Ree6 37. bxc6 bxc6 38. Ra5 Qh4 39. Rxa7 Qxd4
40. Ra8 Qb4 41. Qd1 Qh4 42. Qd2 Re4 43. a5 Ra4 44. a6 c5 45. a7 d4 46. Qc2 dxe3
47. fxe3 Ra5 48. Re8 Rfa6 49. Qb2+ Qf6 50. Rg8+ 1-0

[Event "Szuperliga - GM Szabo Laszlo"]
[Site "Budapest"]
[Date "2023.10.28"]
[Round "1.2"]
[White "Nenezic, Marko"]
[Black "Pechac, Jergus"]
[Result "1-0"]
[WhiteElo "2497"]
[BlackElo "2596"]
[PlyCount "65"]
[EventDate "2023.10.28"]
[EventType "team-tourn"]
[EventRounds "9"]
[EventCountry "HUN"]
[Source "chess.hu"]
[WhiteTeam "Aquarena Kobanya SC"]
[BlackTeam "Sentimento Ajka BSK"]
[WhiteTeamCountry "HUN"]
[BlackTeamCountry "HUN"]

1. d4 d5 2. c4 e6 3. Nf3 Nf6 4. g3 dxc4 5. Bg2 c6 6. O-O b5 7. Nc3 Bb7 8. e4 a5
9. Bg5 h6 10. Bxf6 gxf6 11. Qe2 Nd7 12. d5 Qb6 13. Rfd1 Bc5 14. dxe6 fxe6 15.
Bh3 O-O-O 16. Bxe6 Rhe8 17. Bf5 Kc7 18. Bxd7 Rxd7 19. Rxd7+ Kxd7 20. e5 Kc7 21.
Rd1 f5 22. Qd2 Kb8 23. Qd7 Re7 24. Qxf5 Bc8 25. Qf6 Re6 26. Qf7 Bxf2+ 27. Kg2
Bc5 28. Ne4 Bb4 29. a3 Qe3 30. Rd8 Re7 31. Qf5 Qe2+ 32. Nf2 Rd7 33. Qxd7 1-0

[Event "Szuperliga - GM Szabo Laszlo"]
[Site "Budapest"]
[Date "2023.10.28"]
[Round "1.3"]
[White "Prohaszka, Peter"]
[Black "Pap, Gyula"]
[Result "1/2-1/2"]
[WhiteElo "2578"]
[BlackElo "2444"]
[PlyCount "60"]
[EventDate "2023.10.28"]
[EventType "team-tourn"]
[EventRounds "9"]
[EventCountry "HUN"]
[Source "chess.hu"]
[WhiteTeam "Sentimento Ajka BSK"]
[BlackTeam "Aquarena Kobanya SC"]
[WhiteTeamCountry "HUN"]
[BlackTeamCountry "HUN"]

1. d4 d5 2. c4 e6 3. Nc3 Nf6 4. cxd5 exd5 5. Bg5 c6 6. e3 Bd6 7. Bd3 O-O 8.
Nge2 Re8 9. Qc2 h6 10. Bh4 a5 11. h3 Na6 12. a3 Nc7 13. O-O Ne6 14. f3 Ng5 15.
f4 Ne6 16. Kh1 Be7 17. Rab1 Nc7 18. Bf2 Bd7 19. Na4 Na6 20. Ng3 Bf8 21. Nc3 Nc7
22. Rbe1 Rc8 23. Na4 Nb5 24. e4 dxe4 25. Nxe4 Nxe4 26. Bxe4 Nd6 27. Bh7+ Kh8
28. Bd3 Rxe1 29. Rxe1 Be6 30. f5 Bd5 1/2-1/2

[Event "Szuperliga - GM Szabo Laszlo"]
[Site "Budapest"]
[Date "2023.10.28"]
[Round "1.4"]
[White "Berczes, David"]
[Black "Balog, Imre"]
[Result "1/2-1/2"]
[WhiteElo "2445"]
[BlackElo "2622"]
[PlyCount "130"]
[EventDate "2023.10.28"]
[EventType "team-tourn"]
[EventRounds "9"]
[EventCountry "HUN"]
[Source "chess.hu"]
[WhiteTeam "Aquarena Kobanya SC"]
[BlackTeam "Sentimento Ajka BSK"]
[WhiteTeamCountry "HUN"]
[BlackTeamCountry "HUN"]

1. Nf3 Nf6 2. c4 c5 3. Nc3 e6 4. e4 Nc6 5. d4 cxd4 6. Nxd4 Qa5 7. Nb3 Qc7 8.
Be2 Bb4 9. O-O O-O 10. Nb5 Qb8 11. c5 b6 12. Nd6 bxc5 13. a3 Bd2 14. e5 Bxc1
15. Rxc1 Nxe5 16. Rxc5 Nc6 17. Bf3 Ba6 18. Re1 Rd8 19. Re3 Qb6 20. Qc2 Qb8 21.
Qd2 Qb6 22. Qc2 Ne7 23. Bxa8 Qxd6 24. Bf3 Rb8 25. Na5 h6 26. Re1 Rxb2 27. Qxb2
Qxc5 28. Qb4 Qxb4 29. axb4 Ned5 30. Rb1 Bb5 31. Nb7 Kf8 32. Nd6 a6 33. Nxb5
axb5 34. Rb3 Ke7 35. Be2 Nc7 36. Kf1 Ne4 37. Ke1 d5 38. Ra3 Nd6 39. f4 f6 40.
Rg3 Nf5 41. Rc3 Kd6 42. Bd3 Nd4 43. Bb1 e5 44. Rg3 g5 45. fxe5+ fxe5 46. Rh3 e4
47. Rxh6+ Nce6 48. h4 Nf5 49. hxg5 Nxh6 50. gxh6 Ng5 51. Bc2 Ke5 52. Bd1 d4 53.
Bh5 Kf6 54. Be8 Ne6 55. Bxb5 Kg6 56. Bc6 e3 57. b5 Kxh6 58. b6 d3 59. b7 Nd4
60. Bf3 Nc2+ 61. Kd1 e2+ 62. Bxe2 dxe2+ 63. Kxe2 Nd4+ 64. Ke3 Nc6 65. g4 Kg5
1/2-1/2

[Event "Szuperliga - GM Szabo Laszlo"]
[Site "Budapest"]
[Date "2023.10.28"]
[Round "1.5"]
[White "Nesterov, Arseniy"]
[Black "Roganovic, Milos"]
[Result "1-0"]
[WhiteElo "2575"]
[BlackElo "2447"]
[PlyCount "79"]
[EventDate "2023.10.28"]
[EventType "team-tourn"]
[EventRounds "9"]
[EventCountry "HUN"]
[Source "chess.hu"]
[WhiteTeam "Sentimento Ajka BSK"]
[BlackTeam "Aquarena Kobanya SC"]
[WhiteTeamCountry "HUN"]
[BlackTeamCountry "HUN"]

1. d4 Nf6 2. c4 g6 3. Nc3 d5 4. cxd5 Nxd5 5. e4 Nxc3 6. bxc3 Bg7 7. Bc4 c5 8.
Ne2 O-O 9. O-O a6 10. Be3 Nd7 11. a4 Qc7 12. Rc1 b5 13. axb5 Nb6 14. Bd3 c4 15.
Bc2 axb5 16. h4 Na4 17. Qd2 e5 18. h5 exd4 19. Bxd4 Nc5 20. Bxg7 Kxg7 21. h6+
Kg8 22. Nf4 Bb7 23. Qd4 Ne6 24. Nxe6 fxe6 25. Rb1 e5 26. Qe3 Bc6 27. Qc5 Rf7
28. Ra1 Raf8 29. Ra6 Be8 30. Qe3 Qe7 31. Bd1 Qh4 32. g3 Qh3 33. Qg5 Qc8 34. Ra2
Qc5 35. Bg4 Rf6 36. Rd2 Bc6 37. Rd8 Rxf2 38. Be6+ Kh8 39. Qxe5+ Qxe5 40. Rxf8+
1-0

[Event "Szuperliga - GM Szabo Laszlo"]
[Site "Budapest"]
[Date "2023.10.28"]
[Round "1.6"]
[White "Karacsonyi, Gellert"]
[Black "Neugebauer, Martin"]
[Result "1/2-1/2"]
[WhiteElo "2375"]
[BlackElo "2529"]
[PlyCount "63"]
[EventDate "2023.10.28"]
[EventType "team-tourn"]
[EventRounds "9"]
[EventCountry "HUN"]
[Source "chess.hu"]
[WhiteTeam "Aquarena Kobanya SC"]
[BlackTeam "Sentimento Ajka BSK"]
[WhiteTeamCountry "HUN"]
[BlackTeamCountry "HUN"]

1. d4 Nf6 2. Bf4 g6 3. Nc3 d5 4. e3 Bg7 5. h4 h5 6. Nf3 O-O 7. Ne5 c5 8. Qd2
Qa5 9. dxc5 Nbd7 10. Nd3 Nxc5 11. Nxc5 Qxc5 12. Qd4 Qa5 13. Be5 Bf5 14. Bd3
Rac8 15. O-O Rfd8 16. Bxf5 Rc4 17. Qd3 gxf5 18. Bxf6 Bxf6 19. Qxf5 Kg7 20. g3
e6 21. Qxh5 Rh8 22. Qf3 Bxc3 23. bxc3 Qxc3 24. Rac1 Qf6 25. Qxf6+ Kxf6 26. Rfd1
Rhc8 27. Rd2 b5 28. Kf1 Rc3 29. Ke1 Ra3 30. Rb1 a6 31. Rb2 Rc4 32. Rd3 1/2-1/2

[Event "Szuperliga - GM Szabo Laszlo"]
[Site "Budapest"]
[Date "2023.10.28"]
[Round "1.7"]
[White "Korpa, Bence"]
[Black "Szabo, Bence"]
[Result "1-0"]
[WhiteElo "2522"]
[BlackElo "2343"]
[PlyCount "57"]
[EventDate "2023.10.28"]
[EventType "team-tourn"]
[EventRounds "9"]
[EventCountry "HUN"]
[Source "chess.hu"]
[WhiteTeam "Sentimento Ajka BSK"]
[BlackTeam "Aquarena Kobanya SC"]
[WhiteTeamCountry "HUN"]
[BlackTeamCountry "HUN"]

1. Nf3 Nf6 2. g3 g6 3. Bg2 Bg7 4. O-O d5 5. d3 O-O 6. Nc3 d4 7. Nb5 Nc6 8. e3
dxe3 9. fxe3 Ne8 10. e4 a6 11. Nc3 b5 12. e5 Rb8 13. d4 Bf5 14. Be3 Nb4 15. Rf2
c6 16. Ng5 c5 17. d5 Qc7 18. Rxf5 gxf5 19. e6 f6 20. Bf4 Qb6 21. Nxh7 Kxh7 22.
Qh5+ Kg8 23. Bh3 Nd6 24. Bxd6 c4+ 25. Kh1 exd6 26. Bxf5 Rfc8 27. Bh7+ Kh8 28.
Bg6+ Kg8 29. e7 1-0

[Event "Szuperliga - GM Szabo Laszlo"]
[Site "Budapest"]
[Date "2023.10.28"]
[Round "1.8"]
[White "Krizsany, Laszlo"]
[Black "Varga, Zoltan"]
[Result "1/2-1/2"]
[WhiteElo "2351"]
[BlackElo "2356"]
[PlyCount "63"]
[EventDate "2023.10.28"]
[EventType "team-tourn"]
[EventRounds "9"]
[EventCountry "HUN"]
[Source "chess.hu"]
[WhiteTeam "Aquarena Kobanya SC"]
[BlackTeam "Sentimento Ajka BSK"]
[WhiteTeamCountry "HUN"]
[BlackTeamCountry "HUN"]

1. d4 Nf6 2. c4 e6 3. Nf3 Bb4+ 4. Bd2 Qe7 5. g3 O-O 6. Bg2 Bxd2+ 7. Qxd2 d6 8.
Nc3 e5 9. O-O Re8 10. e4 Bg4 11. d5 Bxf3 12. Bxf3 a5 13. a3 Na6 14. Rab1 Nc5
15. b4 axb4 16. axb4 Na4 17. Ra1 Nxc3 18. Qxc3 h5 19. h4 g6 20. Rxa8 Rxa8 21.
Ra1 Rxa1+ 22. Qxa1 Qd8 23. Qa7 b6 24. Bg2 Qc8 25. f3 Kg7 26. Kh2 Nh7 27. Bh3
Qd8 28. c5 bxc5 29. bxc5 dxc5 30. Qxc5 Qd6 31. Qxd6 cxd6 32. Kg1 1/2-1/2

[Event "Szuperliga - GM Szabo Laszlo"]
[Site "Budapest"]
[Date "2023.10.28"]
[Round "1.9"]
[White "Pasti, Aron"]
[Black "Havanecz, Bianka"]
[Result "1-0"]
[WhiteElo "2394"]
[BlackElo "2196"]
[PlyCount "123"]
[EventDate "2023.10.28"]
[EventType "team-tourn"]
[EventRounds "9"]
[EventCountry "HUN"]
[Source "chess.hu"]
[WhiteTeam "Sentimento Ajka BSK"]
[BlackTeam "Aquarena Kobanya SC"]
[WhiteTeamCountry "HUN"]
[BlackTeamCountry "HUN"]

1. e4 c6 2. d4 d5 3. Nc3 dxe4 4. Nxe4 Nf6 5. Nxf6+ exf6 6. c3 Bd6 7. Bd3 O-O 8.
Ne2 Re8 9. O-O Nd7 10. Ng3 g6 11. Bh6 Bf8 12. Qd2 Bg7 13. h4 Nf8 14. h5 Bxh6
15. Qxh6 f5 16. Rfe1 Bd7 17. Bc4 Be6 18. Bxe6 Rxe6 19. hxg6 hxg6 20. Rxe6 Nxe6
21. Re1 Qf8 22. Qh4 Re8 23. Re5 Ng7 24. Qf6 Re6 25. Rxe6 Nxe6 26. Qe5 Qd8 27.
Nf1 Qc7 28. Qxc7 Nxc7 29. Ne3 b5 30. Kf1 Kf8 31. Ke2 Ke7 32. Kd3 Kd6 33. c4 a6
34. Kc3 a5 35. b3 Ne6 36. c5+ Kd7 37. a4 Nf4 38. axb5 cxb5 39. d5 f6 40. b4 a4
41. Kc2 a3 42. Kb3 Nd3 43. Nc2 a2 44. Kxa2 Nxf2 45. Nd4 Nd3 46. Kb3 Nf4 47. c6+
Ke7 48. c7 Kd7 49. d6 Nd5 50. Nxb5 Nb6 51. Na7 f4 52. Kc2 g5 53. Kd1 g4 54. Ke1
f3 55. g3 Kxd6 56. c8=Q Nxc8 57. Nxc8+ Kc6 58. Ne7+ Kb5 59. Nd5 f5 60. Kf2 Kc4
61. Ne3+ Kxb4 62. Nxf5 1-0

[Event "Szuperliga - GM Szabo Laszlo"]
[Site "Budapest"]
[Date "2023.10.28"]
[Round "1.10"]
[White "Karacsonyi, Kata"]
[Black "Gaal, Zsoka"]
[Result "1/2-1/2"]
[WhiteElo "2092"]
[BlackElo "2305"]
[PlyCount "76"]
[EventDate "2023.10.28"]
[EventType "team-tourn"]
[EventRounds "9"]
[EventCountry "HUN"]
[Source "chess.hu"]
[WhiteTeam "Aquarena Kobanya SC"]
[BlackTeam "Sentimento Ajka BSK"]
[WhiteTeamCountry "HUN"]
[BlackTeamCountry "HUN"]

1. e4 c6 2. d4 d5 3. Nd2 dxe4 4. Nxe4 Bf5 5. Nc5 e5 6. Nxb7 Qb6 7. Nc5 exd4 8.
Nb3 Bb4+ 9. Bd2 Nf6 10. Bxb4 Qxb4+ 11. Qd2 Qxd2+ 12. Kxd2 O-O 13. Bd3 Ne4+ 14.
Bxe4 Bxe4 15. f3 Bg6 16. Nxd4 Rd8 17. Kc3 c5 18. Nde2 Nc6 19. a3 Rab8 20. b3 c4
21. b4 a5 22. bxa5 Nxa5 23. Nd4 Bxc2 24. Kxc2 Rxd4 25. Ne2 Rd3 26. Rhd1 Nb3 27.
Ra2 Re8 28. Nf4 Nd4+ 29. Kc1 Nb3+ 30. Kc2 Nd4+ 31. Kc1 Rxd1+ 32. Kxd1 c3 33. a4
Rc8 34. Kc1 c2 35. Rb2 g5 36. Rb4 Nc6 37. Nd5 Rd8 38. Rc4 Na5 1/2-1/2

[Event "Szuperliga - GM Szabo Laszlo"]
[Site "Gyongyossolymos"]
[Date "2023.10.28"]
[Round "1.1"]
[White "Ostovic, Matija"]
[Black "Horvath, Jozsef"]
[Result "1/2-1/2"]
[WhiteElo "2377"]
[BlackElo "2412"]
[PlyCount "81"]
[EventDate "2023.10.28"]
[EventType "team-tourn"]
[EventRounds "9"]
[EventCountry "HUN"]
[Source "chess.hu"]
[WhiteTeam "Tapolca Varosi VSE"]
[BlackTeam "Kekesi SE"]
[WhiteTeamCountry "HUN"]
[BlackTeamCountry "HUN"]

1. e4 c5 2. Nf3 e6 3. c3 d5 4. exd5 Qxd5 5. d4 Nf6 6. Na3 Nbd7 7. Be3 a6 8. Bc4
Qc6 9. O-O b5 10. Be2 Bb7 11. Nc2 Rd8 12. a4 bxa4 13. dxc5 Nxc5 14. Ncd4 Qc7
15. Qe1 Bd6 16. Bg5 O-O 17. h3 Bf4 18. Bxf4 Qxf4 19. Qd2 Qc7 20. Qg5 h6 21. Qe5
Qb6 22. Bc4 Bxf3 23. Nxf3 Nfe4 24. Rab1 Nd2 25. Nxd2 Rxd2 26. Qe3 Qd6 27. Be2
Rb8 28. Rfd1 Rxd1+ 29. Rxd1 Qc7 30. Rd2 a5 31. Bd1 Nb3 32. Rd3 Qb6 33. Qg3 Nc5
34. Rd4 Qxb2 35. Qc7 a3 36. Rf4 Rf8 37. Bh5 a2 38. Rxf7 a1=Q+ 39. Kh2 Nd7 40.
Rxg7+ Kxg7 41. Qxd7+ 1/2-1/2

[Event "Szuperliga - GM Szabo Laszlo"]
[Site "Gyongyossolymos"]
[Date "2023.10.28"]
[Round "1.2"]
[White "Haring, Filip"]
[Black "Buzas, Bertalan"]
[Result "1-0"]
[WhiteElo "2441"]
[BlackElo "2251"]
[PlyCount "81"]
[EventDate "2023.10.28"]
[EventType "team-tourn"]
[EventRounds "9"]
[EventCountry "HUN"]
[Source "chess.hu"]
[WhiteTeam "Kekesi SE"]
[BlackTeam "Tapolca Varosi VSE"]
[WhiteTeamCountry "HUN"]
[BlackTeamCountry "HUN"]

1. e4 c6 2. d4 d5 3. Nd2 dxe4 4. Nxe4 Nf6 5. Nxf6+ exf6 6. c3 Bd6 7. Bd3 O-O 8.
Ne2 Re8 9. Qc2 h5 10. Be3 Nd7 11. O-O-O Nf8 12. Kb1 Be6 13. c4 Rc8 14. Ng3 g6
15. Ne4 f5 16. Nxd6 Qxd6 17. b3 b5 18. d5 cxd5 19. c5 Qe5 20. Bxb5 f4 21. Bd4
Bf5 22. Bd3 Bxd3 23. Qxd3 Qe4 24. f3 Qxd3+ 25. Rxd3 Rc6 26. Rc1 Ne6 27. Bf2 Nc7
28. a4 Re2 29. Rc2 Rxc2 30. Kxc2 Na6 31. Kb1 Nb4 32. Rd4 a5 33. Be1 Na6 34.
Rxd5 Nxc5 35. Kb2 Re6 36. Bxa5 Re2+ 37. Ka3 Ne6 38. Rd2 Re5 39. Bb6 g5 40. a5
Re1 41. a6 1-0

[Event "Szuperliga - GM Szabo Laszlo"]
[Site "Gyongyossolymos"]
[Date "2023.10.28"]
[Round "1.3"]
[White "Istvandi, Lajos"]
[Black "Turcan, Richard"]
[Result "0-1"]
[WhiteElo "2236"]
[BlackElo "2402"]
[PlyCount "82"]
[EventDate "2023.10.28"]
[EventType "team-tourn"]
[EventRounds "9"]
[EventCountry "HUN"]
[Source "chess.hu"]
[WhiteTeam "Tapolca Varosi VSE"]
[BlackTeam "Kekesi SE"]
[WhiteTeamCountry "HUN"]
[BlackTeamCountry "HUN"]

1. d4 Nf6 2. Nf3 d5 3. e3 e6 4. Bd3 c5 5. Nbd2 Nc6 6. dxc5 Bxc5 7. Qe2 Nb4 8.
Nb3 Nxd3+ 9. cxd3 Bb4+ 10. Bd2 Bxd2+ 11. Qxd2 O-O 12. O-O Qd6 13. Qc3 Bd7 14.
Rfc1 Rfc8 15. Qd4 b6 16. Rxc8+ Rxc8 17. Rc1 Rxc1+ 18. Nxc1 Qc7 19. Qc3 Qxc3 20.
bxc3 Kf8 21. Ne5 Ba4 22. Kf1 Ne8 23. f4 Ke7 24. Ke2 f6 25. Nf3 Kd6 26. Kd2 Nc7
27. Ne2 Na6 28. g4 Nc5 29. Ned4 Bd7 30. Nb3 e5 31. Nxc5 bxc5 32. fxe5+ fxe5 33.
h3 h5 34. gxh5 Bxh3 35. Ng5 Bg4 36. h6 gxh6 37. Nf7+ Ke6 38. Nxh6 Bh3 39. d4
cxd4 40. exd4 exd4 41. cxd4 Kf6 0-1

[Event "Szuperliga - GM Szabo Laszlo"]
[Site "Gyongyossolymos"]
[Date "2023.10.28"]
[Round "1.4"]
[White "To, Nhat Minh"]
[Black "Acs, Marton"]
[Result "1-0"]
[WhiteElo "2336"]
[BlackElo "2166"]
[PlyCount "69"]
[EventDate "2023.10.28"]
[EventType "team-tourn"]
[EventRounds "9"]
[EventCountry "HUN"]
[Source "chess.hu"]
[WhiteTeam "Kekesi SE"]
[BlackTeam "Tapolca Varosi VSE"]
[WhiteTeamCountry "HUN"]
[BlackTeamCountry "HUN"]

1. e4 e5 2. Nf3 Nc6 3. Bb5 a6 4. Ba4 Nf6 5. d3 d6 6. c3 g6 7. O-O Bg7 8. Re1
O-O 9. h3 Re8 10. Nbd2 b5 11. Bc2 Bb7 12. Nf1 Nb8 13. Ng3 c5 14. d4 Nbd7 15. d5
c4 16. Be3 Nc5 17. b4 cxb3 18. axb3 Qc7 19. Nd2 Rec8 20. Rf1 Ncd7 21. Ne2 Nb6
22. Bd3 Nfd7 23. b4 Na4 24. Ra3 Ndb6 25. Qa1 Qd7 26. Rc1 Rc7 27. Ra2 Rac8 28.
Rac2 Bf8 29. c4 Ba8 30. Qa3 Qe7 31. Nc3 bxc4 32. Nxa4 Nxa4 33. Rxc4 Rxc4 34.
Nxc4 Qd7 35. Ra1 1-0

[Event "Szuperliga - GM Szabo Laszlo"]
[Site "Gyongyossolymos"]
[Date "2023.10.28"]
[Round "1.5"]
[White "Kassay, Krisztian"]
[Black "Bakos, Balazs"]
[Result "0-1"]
[WhiteElo "2137"]
[BlackElo "2376"]
[PlyCount "160"]
[EventDate "2023.10.28"]
[EventType "team-tourn"]
[EventRounds "9"]
[EventCountry "HUN"]
[Source "chess.hu"]
[WhiteTeam "Tapolca Varosi VSE"]
[BlackTeam "Kekesi SE"]
[WhiteTeamCountry "HUN"]
[BlackTeamCountry "HUN"]

1. c4 d6 2. b3 f5 3. Bb2 Nf6 4. d4 g6 5. Nf3 Bg7 6. e3 O-O 7. Nbd2 e5 8. dxe5
Ng4 9. Qc2 Nxe5 10. Be2 Qe7 11. Nxe5 dxe5 12. O-O Kh8 13. a3 a5 14. Bc3 Nc6 15.
Qb2 e4 16. Bxg7+ Qxg7 17. Qxg7+ Kxg7 18. Nb1 a4 19. b4 Ne5 20. Nc3 c6 21. Rfd1
Be6 22. c5 Bb3 23. Rd4 Rfd8 24. f3 exf3 25. gxf3 Rxd4 26. exd4 Nf7 27. Bd1 Ng5
28. Kf2 f4 29. Bxb3 axb3 30. a4 Re8 31. h4 Ne6 32. Ne2 Rd8 33. Rb1 Nxd4 34.
Nxd4 Rxd4 35. Rxb3 Rd2+ 36. Ke1 Ra2 37. a5 Kf6 38. Rd3 Rb2 39. Rd4 Kf5 40. Kd1
h5 41. Kc1 Ra2 42. Rd7 g5 43. hxg5 h4 44. Rh7 Kxg5 45. Rh8 Ra4 46. Rg8+ Kf5 47.
Rh8 Rxb4 48. Rxh4 Ke5 49. Kd2 Ra4 50. Rh7 Rxa5 51. Rxb7 Rxc5 52. Re7+ Kf6 53.
Re4 Rd5+ 54. Kc3 Kg5 55. Re1 Kf5 56. Re8 Ra5 57. Rf8+ Ke5 58. Kd3 Ra3+ 59. Ke2
Re3+ 60. Kf2 Rc3 61. Re8+ Kd5 62. Rf8 Rc2+ 63. Ke1 Rc4 64. Rf5+ Ke6 65. Rf8 Rd4
66. Re8+ Kd5 67. Ra8 c5 68. Ra1 Kc4 69. Rc1+ Kb4 70. Rb1+ Ka3 71. Rb8 c4 72.
Ra8+ Kb2 73. Ke2 c3 74. Rb8+ Kc1 75. Rc8 c2 76. Rb8 Rd2+ 77. Ke1 Rd3 78. Ke2
Re3+ 79. Kf2 Kd2 80. Rd8+ Rd3 0-1

[Event "Szuperliga - GM Szabo Laszlo"]
[Site "Gyongyossolymos"]
[Date "2023.10.28"]
[Round "1.6"]
[White "Istvanovszki, Martin"]
[Black "Nagy, Zoltan"]
[Result "1-0"]
[WhiteElo "2343"]
[BlackElo "2121"]
[PlyCount "78"]
[EventDate "2023.10.28"]
[EventType "team-tourn"]
[EventRounds "9"]
[EventCountry "HUN"]
[Source "chess.hu"]
[WhiteTeam "Kekesi SE"]
[BlackTeam "Tapolca Varosi VSE"]
[WhiteTeamCountry "HUN"]
[BlackTeamCountry "HUN"]

1. d4 Nf6 2. Nc3 d5 3. Bf4 a6 4. e3 e6 5. g4 Bb4 6. Nge2 Nxg4 7. Rg1 Qh4 8. Bg3
Qe7 9. Nf4 f5 10. Bh3 Nf6 11. Bh4 Nbd7 12. Qd3 c6 13. O-O-O g6 14. f3 e5 15.
Nfxd5 cxd5 16. Nxd5 Nxd5 17. Bxe7 Bxe7 18. dxe5 N7b6 19. Qb3 Bc5 20. Rge1 Be6
21. Bf1 Rc8 22. e4 Nf4 23. Qc3 Bf2 24. Qd2 Bxe1 25. Rxe1 g5 26. h4 h6 27. Qb4
Rc6 28. Rd1 Kf7 29. Rd6 Rhc8 30. Rxc6 Rxc6 31. hxg5 hxg5 32. a4 fxe4 33. fxe4
Ng6 34. a5 Nd7 35. Qxb7 Ngxe5 36. Bxa6 g4 37. Bf1 g3 38. a6 Bc4 39. a7 Bxf1 1-0

[Event "Szuperliga - GM Szabo Laszlo"]
[Site "Gyongyossolymos"]
[Date "2023.10.28"]
[Round "1.7"]
[White "Juhasz, Judit"]
[Black "Bohati, Tamas"]
[Result "1/2-1/2"]
[WhiteElo "1940"]
[BlackElo "2264"]
[PlyCount "110"]
[EventDate "2023.10.28"]
[EventType "team-tourn"]
[EventRounds "9"]
[EventCountry "HUN"]
[Source "chess.hu"]
[WhiteTeam "Tapolca Varosi VSE"]
[BlackTeam "Kekesi SE"]
[WhiteTeamCountry "HUN"]
[BlackTeamCountry "HUN"]

1. e4 d6 2. d4 Nf6 3. Nc3 g6 4. f4 Bg7 5. Nf3 O-O 6. Bd3 Na6 7. O-O c5 8. e5
Nd7 9. Nb5 cxd4 10. exd6 exd6 11. Nfxd4 Nac5 12. Be2 Nf6 13. Kh1 Nfe4 14. Bf3
a6 15. Na3 Qh4 16. Kg1 d5 17. c3 Bd7 18. Be3 Rfe8 19. Ndc2 Bc6 20. Bxe4 Nxe4
21. Bd4 Bf8 22. Rf3 Bd7 23. Ne3 Bxa3 24. bxa3 Bg4 25. Nxg4 Qxg4 26. Rb1 b5 27.
Rb2 Rad8 28. a4 bxa4 29. Qxa4 Nd6 30. Rf1 Qc8 31. Bf6 Rd7 32. Rb8 Qxb8 33. Qxd7
Ne4 34. Bd4 Qb5 35. Qxb5 axb5 36. Rb1 Nd6 37. Be5 Nc4 38. Rxb5 Nxe5 39. fxe5
Rxe5 40. a4 Re4 41. a5 Rc4 42. Rb4 Rc6 43. Kf2 Kf8 44. Ke3 Rxc3+ 45. Kd4 Ra3
46. Rb5 Ke7 47. Kxd5 Kd7 48. Rb7+ Kc8 49. Rxf7 Rxa5+ 50. Ke4 Rh5 51. h3 Kd8 52.
Kf4 Ke8 53. Rb7 Rf5+ 54. Kg4 h5+ 55. Kh4 Kf8 1/2-1/2

[Event "Szuperliga - GM Szabo Laszlo"]
[Site "Gyongyossolymos"]
[Date "2023.10.28"]
[Round "1.8"]
[White "Blasko, Istvan"]
[Black "Szabo, Benjamin"]
[Result "1/2-1/2"]
[WhiteElo "2270"]
[BlackElo "2075"]
[PlyCount "81"]
[EventDate "2023.10.28"]
[EventType "team-tourn"]
[EventRounds "9"]
[EventCountry "HUN"]
[Source "chess.hu"]
[WhiteTeam "Kekesi SE"]
[BlackTeam "Tapolca Varosi VSE"]
[WhiteTeamCountry "HUN"]
[BlackTeamCountry "HUN"]

1. d4 Nf6 2. e3 e6 3. Bd3 c5 4. c3 Qc7 5. f4 b6 6. Nf3 Bb7 7. O-O Be7 8. Qe2
Nc6 9. a3 d6 10. e4 d5 11. e5 Ne4 12. Nbd2 Nxd2 13. Bxd2 O-O-O 14. f5 Kb8 15.
fxe6 fxe6 16. Ng5 Bxg5 17. Bxg5 Rde8 18. Be3 c4 19. Bc2 h6 20. Qg4 Qe7 21. Rf3
Ref8 22. Raf1 Nd8 23. Rxf8 Rxf8 24. Rxf8 Qxf8 25. Bf2 Bc8 26. Bh4 Kc7 27. Bg6
Nc6 28. Qf3 Qg8 29. g4 Bd7 30. Qf7 Qxf7 31. Bxf7 b5 32. Bg6 a5 33. Kf2 Bc8 34.
Ke3 Kd7 35. Bg3 b4 36. axb4 axb4 37. h4 Ke7 38. h5 Bd7 39. Bh4+ Kf8 40. cxb4
Nxb4 41. Be1 1/2-1/2

[Event "Szuperliga - GM Szabo Laszlo"]
[Site "Gyongyossolymos"]
[Date "2023.10.28"]
[Round "1.9"]
[White "Erseki, Tamara"]
[Black "Onodi, Miklos"]
[Result "0-1"]
[WhiteElo "1888"]
[BlackElo "1991"]
[PlyCount "106"]
[EventDate "2023.10.28"]
[EventType "team-tourn"]
[EventRounds "9"]
[EventCountry "HUN"]
[Source "chess.hu"]
[WhiteTeam "Tapolca Varosi VSE"]
[BlackTeam "Kekesi SE"]
[WhiteTeamCountry "HUN"]
[BlackTeamCountry "HUN"]

1. e4 Nf6 2. e5 Nd5 3. d4 d6 4. exd6 cxd6 5. Nf3 g6 6. Bc4 Nb6 7. Bb3 Bg7 8.
O-O O-O 9. Bg5 Nc6 10. Re1 h6 11. Be3 Na5 12. Nc3 Bd7 13. Qe2 Re8 14. Rad1 Rc8
15. d5 Nbc4 16. Bxc4 Nxc4 17. Bd4 Nxb2 18. Rb1 Bxd4 19. Nxd4 Rxc3 20. Rxb2 b6
21. Qd2 Rc5 22. Ne6 Bxe6 23. dxe6 Kg7 24. exf7 Rf8 25. Qd4+ e5 26. Qe4 Rxf7 27.
Rb3 Rf4 28. Qd3 Rd4 29. Qe2 Qg5 30. Qf3 Rc7 31. c3 Qd2 32. Reb1 Rd3 33. Qe4
Rdxc3 34. Rxc3 Qxc3 35. h3 Qc2 36. Qxc2 Rxc2 37. Rd1 Rc6 38. f3 Kf7 39. Rd2 Ke6
40. Kf2 d5 41. Ke3 Rc3+ 42. Ke2 d4 43. Rb2 d3+ 44. Kd2 Ra3 45. Ke3 Kd5 46. g3
Kc4 47. h4 b5 48. Rd2 b4 49. f4 exf4+ 50. gxf4 h5 51. Ke4 Rc3 52. Rg2 Rc1 53.
Rd2 Re1+ 0-1

[Event "Szuperliga - GM Szabo Laszlo"]
[Site "Gyongyossolymos"]
[Date "2023.10.28"]
[Round "1.10"]
[White "Kovacs, Veronika"]
[Black "Alexandrova, Angelina"]
[Result "1/2-1/2"]
[WhiteElo "1636"]
[BlackElo "1827"]
[PlyCount "28"]
[EventDate "2023.10.28"]
[EventType "team-tourn"]
[EventRounds "9"]
[EventCountry "HUN"]
[Source "chess.hu"]
[WhiteTeam "Kekesi SE"]
[BlackTeam "Tapolca Varosi VSE"]
[WhiteTeamCountry "HUN"]
[BlackTeamCountry "HUN"]

1. d4 d5 2. Bf4 c5 3. e3 Nc6 4. Nf3 Qb6 5. dxc5 Qxb2 6. Nbd2 e6 7. Rb1 Qxa2 8.
Bb5 Qa5 9. Ne5 Nge7 10. Bg5 Qc7 11. Bf4 Qd8 12. Bg5 Qc7 13. Bf4 Qd8 14. Bg5 Qc7
1/2-1/2